September 11 Attacks - Statistics

General Stats
  • This quiz has been taken 204 times
  • The average score is 7 of 10
Answer Stats
Hint Answer % Correct
How many domestic aircraft were hijacked in the 9/11 terrorist attacks? 4
99%
Which building was hit by the 3rd hijacked plane Pentagon
94%
US President in office during the attacks Georges W. Bush
82%
Who is the leader of this group Osama Ben Laden
82%
Which building from the World Trade Center was hit second? South Tower
80%
Which building from the World Trade Center was hit first? North Tower
79%
how many hijackers took part in 9/11 19
72%
Where did Flight United 93 crash Pennsylvania
70%
Which terrorist group is responsible of planning and executing the attacks Al-Qaeda
62%
One of the passengers on flight United 93 who attempted to regain control of the aircraft from the hijackers. Famous for saying "Let's Roll" Todd Beamer
22%
No matching quizzes found
Score Distribution
Percent of People with Each Score
Percentile by Number Answered
Your Score History
You have not taken this quiz